000 00869nas a2200277 4500
001 BR2013004278
003 BR-BrBNA
005 20231205122417.0
007 ta
008 230509b bl.|||p| |||| 00| 00por d
040 _aBR-BrBNA
_bpor
_cBiblioteca Nacional de Agricultura
041 _a(Pt)
072 _aM11
100 1 _aMoraes, K. de
100 1 _aPinto, L.A. de A.
245 1 _aCondições de secagem de uma pasta de anchoita modificada enzimaticamente na oxidação lipídica, lisina disponível e atividade antioxidante do produto
650 _aPEIXE
650 _aSECAGEM
650 _aOXIDAÇÃO
650 _aHIDROLISE
650 _aANTIOXIDANTE
650 _aLISINA
773 0 _tCiência Rural (Brazil)
_xISSN 0103-8478
_g(Mar 2013), v. 43(3) p. 530-536
_wBR2013004278
909 _a202311
_bLúcia
_c55
_dLúcia Elande
942 _2AGRIS
_n0
_cANA
999 _c228509
_d228509